Т. 2 : Лаверов - Ярмолюк; Геологи, горные инженеры - члены Отделения наук о Земле и смежных специальностей РАН

Detaylı Bibliyografya
Parent link:Мелуа, А. И.. Геологи, горные инженеры - члены Отделения наук о Земле и смежных специальностей РАН. Т. 2 : Лаверов - Ярмолюк.— .— Санкт-Петербург: Гуманистика, 2023
Özet:Биографическая энциклопедия "Геологи, горные инженеры..." составлена на основе выпускаемой с 2018 г. многотомной биографической энциклопедии "Академия наук. Биографии" и включает статьи обо всех действительных членах, членах-корреспондентах, почётных членах и иностранных членах Отделения наук о Земле и учёных других отделений, чья деятельность в 1724—2024 гг. посвящена решению актуальных для геологии и горных наук научных проблем. Некоторые биографические статьи дополнены фрагментами текстов оригинальных научных работ, относящихся к наследию учёного.
Dil:Rusça
Baskı/Yayın Bilgisi: 2023
Konular:
Materyal Türü: Kitap
KOHA link:https://koha.lib.tpu.ru/cgi-bin/koha/opac-detail.pl?biblionumber=379475

MARC

LEADER 00000nam2a2200000 4500
001 379475
005 20240207111639.0
010 |a 978-5-906140-46-3 
035 |a (RuTPU)RU\TPU\retro\36942 
035 |a RU\TPU\retro\36941 
090 |a 379475 
100 |a 20231010d2023 km|y0rusy50 ca 
101 0 |a rus 
102 |a RU 
105 |a a f 000yd 
181 0 |a i   |b  e  
182 0 |a n 
183 0 |a nc  |2 RDAcarrier 
200 0 |a Т. 2 : Лаверов - Ярмолюк 
203 |a Текст  |b визуальный  |c непосредственный 
210 |d 2023 
215 |a 665-1312 с.  |c ил. 
283 |a volume  |2 RDAcarrier 
330 |a Биографическая энциклопедия "Геологи, горные инженеры..." составлена на основе выпускаемой с 2018 г. многотомной биографической энциклопедии "Академия наук. Биографии" и включает статьи обо всех действительных членах, членах-корреспондентах, почётных членах и иностранных членах Отделения наук о Земле и учёных других отделений, чья деятельность в 1724—2024 гг. посвящена решению актуальных для геологии и горных наук научных проблем. Некоторые биографические статьи дополнены фрагментами текстов оригинальных научных работ, относящихся к наследию учёного. 
461 |0 669879  |9 669879  |a Мелуа, А. И.  |c Санкт-Петербург  |d 2023  |n Гуманистика  |t Геологи, горные инженеры - члены Отделения наук о Земле и смежных специальностей РАН  |v Т. 2 : Лаверов - Ярмолюк 
606 1 |a Геологи  |x Персоналии  |9 83301 
606 1 |a Горные инженеры  |x Персоналии  |9 88456 
610 1 |a биографии 
610 1 |a геология 
610 1 |a горное дело 
610 1 |a Российская Академия наук 
610 1 |a история науки 
675 |a 55(092)  |v 4  |z rus 
675 |a 622(092)  |v 4  |z rus 
801 0 |a RU  |b 63413507  |c 20231010 
801 2 |a RU  |b 63413507  |c 20231010  |g RCR 
942 |c BK